| 000 | 01118nam a22003257a 4500 | ||
|---|---|---|---|
| 003 | CHAP | ||
| 005 | 20220817044208.0 | ||
| 008 | 071207d2005 mx a r 00110 spa d | ||
| 010 | _a94324 | ||
| 011 | _a95296 | ||
| 035 | _a105915 | ||
| 040 | _cCHAP | ||
| 082 | 0 | 4 |
_a338.1 _bF53 |
| 110 | 2 |
_aFideicomiso de Riesgo Compartido. México _940724 |
|
| 245 | 1 | 0 |
_a13 experiencias de cambio _c/por Fideicomiso de Riesgo Compartido |
| 260 |
_aMéxico, D. F. : _bSecretaría de Agricultura, Ganadería, Desarrollo Rural, Pesca y Alimentación, _c2005 |
||
| 300 |
_a63 p. : _bilus. |
||
| 590 |
_aBATCH-UPD _b10 _c20130110 _lUCH01 _h0950 |
||
| 590 |
_aBATCH-UPD _b10 _c20130410 _lUCH01 _h0604 |
||
| 590 |
_aBATCH-UPD _b10 _c20130914 _lUCH01 _h1100 |
||
| 590 |
_aCONVERSION _b10 _c20130109 _lUCH01 _h1352 |
||
| 650 | 1 | 4 |
_aAgricultura _xAspectos económicos. |
| 650 | 1 | 4 |
_aCrédito agrícola. _929022 |
| 650 | 1 | 4 |
_aNegocios. _980696 |
| 650 | 1 | 4 |
_aProductos agrícolas _xMercadeo. _991951 |
| 901 | _aBK | ||
| 905 | _aMarco A. Mendoza T. | ||
| 942 | _cLIBRO | ||
| 949 |
_a338.1 F53 _bBC _cLIBRO _d33724002042801 _eLIBRO _h108933 _i105915 _si |
||
| 999 |
_c94324 _d94324 |
||